| 000 | 01183nam a2200265 i 4500 | ||
|---|---|---|---|
| 001 | bg | ||
| 245 | 0 | 0 |
_aEkonomia : _bwprowadzenie, mikroekonomia, makroekonomia, gospodarka światowa - wybrane zagadnienia, od planu do rynku - problemy transformacji systemowej / _cpod red. nauk. Wiesława Cabana ; aut. Wiesław Caban [et al.] ; Wyższa Szkoła Finansów i Informatyki im. prof. Janusza Chechlińskiego. |
| 246 | 1 | 4 | _aEkonomia - podręcznik dla studiów wyższych |
| 260 |
_aŁódź : _bWydawnictwo Wyższej Szkoły Finansów i Informatyki im. prof. Janusza Chechlińskiego, _c2006. |
||
| 300 |
_a597, [1] s. : _bil. ; _c24 cm. |
||
| 500 | _aTyt. okł. i grzb.: Ekonomia - podręcznik dla studiów wyższych. | ||
| 504 | _aBibliogr. s. 597. Indeks. | ||
| 650 | 9 | _aEkonomia | |
| 655 | _aPodręczniki akademickie | ||
| 700 | 1 |
_aCABAN, Wiesław _d(1928- ). _eRed. |
|
| 015 | _aPB 21006/2006 | ||
| 020 | _a839201894X | ||
| 040 | _cBPK | ||
| 041 | 0 | _apol | |
| 080 | _a330(075.8) | ||
| 920 | _a83-920189-4-X | ||
| 942 | _cKS | ||
| 008 | s pl f |000 0 pol | ||
| 999 |
_c52867 _d52867 |
||
| 856 |
_uhttp://koha.tu.koszalin.pl/cgi-bin/koha/opac-detail.pl?biblionumber=52867 _yKatalog online BPK |
||